01438pam a2200301 a 45000010005000000030008000050050017000130080041000300200015000710350018000860400032001040410008001360820026001441110129001702450257002992600039005563000033005955040051006286500037006796500064007166500039007807000029008197100044008487100081008929420012009739990015009859520136010009510BD-RjUL20211208234806.0140121s1981 nyua b 101 0 eng  a0121858804 a(BD-RjUL)9555 aDLCcDLCdDLCdBD-RjULbeng aeng00a621.471219bPHO 19812 aInternational Conference on the Photochemical Conversion and Storage of Solar Energyn(3rd :d1980 :cBoulder, Colo.)92946410aPhotochemical conversion and storage of solar energy /cedited by John S. Connolly ; [sponsored by the Solar Energy Research Institute, Golden, Colorado and the Division of Chemical Sciences, Office of Basic Energy Sciences, U.S. Department of Energy]. aNew York :bAcademic Press,c1981. axi, 444 p. :bill. ;c24 cm. aIncludes bibliographical references and index. 0aSolar energyxCongresses.929451 0aPhotochemistryxIndustrial applicationsxCongresses.929452 0aEnergy storagexCongresses.9294531 aConnolly, John S.9294542 aSolar Energy Research Institute.9294551 aUnited States.bDepartment of Energy.bDivision of Chemical Sciences.929456 2ddccBK c9510d9510 00102ddc40718NFICaRUCLbRUCLcReadingd1985-05-27eTulipg50.00l0o621.471 PHO 1981r2014-01-21 00:00:00tC-1w2014-01-21yBK